Olympics medal table - Rowing - Statistics

General Stats
  • This quiz has been taken 43 times
  • The average score is 13 of 16
Answer Stats
Total Gold Silver Bronze Nation % Correct
40 13 12 15 Australia
98%
39 9 16 14 France
98%
88 33 31 23 United States
98%
66 29 23 14 Great Britain
95%
41 11 14 16 Italy
95%
27 14 5 8 New Zealand
95%
41 9 17 15 Canada
93%
53 22 17 14 Germany
93%
36 8 15 13 Netherlands
88%
18 4 4 11 Poland
88%
41 20 12 9 Romania
80%
18 3 8 7 Norway
73%
23 6 5 12 Denmark
68%
41 12 20 9 Soviet Union
68%
24 7 8 9 Switzerland
68%
47 33 7 7 East Germany
37%
No matching quizzes found
Score Distribution
Percent of People with Each Score
Percentile by Number Answered
Your Score History
You have not taken this quiz